000 00758nam a2200181 ca4500
001 000030464
003 RuMoIPM
005 20260504112614.0
008 030616m19889999ru | c rus
020 _a5-02-013754-5
040 _aRuMoIPM
_brus
_ercr
041 0 _arus
100 1 _aПонтрягин, Лев Семенович
245 1 _aИзбранные научные труды
_b[В 3 т.]
_cЛ. С. Понтрягин
_cСост. Р. В. Гамкрелидзе ; Редкол.: Р. В. Гамкрелидзе (отв. ред.) и др. ; [Вступ. ст. Д. В. Аносова и др.]
260 _aМосква
_bНаука
_c1988-
700 1 _aГамкрелидзе, Реваз Валерианович
_eред.
_eсост.
942 _cBK
999 _c30464
_d30464